Music Quiz

Random Music or Singers Quiz

Profile: Jimi Hendrix Quiz Stats

 Plays Quiz Updated Feb 6, 2020

     
Support Sporcle.
Go Orange.
Score 0/30 Timer 08:00
0 Plays Today
Clue Answer % Correct
Northwestern U.S. city where Hendrix was born on November 27, 1942Seattle, Washington
77.1%
Its second single, with the oft-misheard line 'scuse me while I kiss the sky'Purple Haze
76.2%
New York music festival at which Hendrix played on August 18, 1969Woodstock Music & Art Fair
70.8%
Rock and Roll Hall of Fame-inducted band he formed in London in 1966The Jimi Hendrix Experience
67.6%
Hit single from the album Electric Ladyland, a Bob Dylan coverAll Along the Watchtower
67.4%
Its first single, about a man who shoots his wifeHey Joe
65.7%
Patriotic song, with music composed in 1780, he played near the end of his setThe Star-Spangled Banner
65.1%
What Hendrix did to his guitar on March 31, 1967, for the first timeburned it
60.4%
Jann Wenner-founded magazine that named Hendrix the greatest guitarist everRolling Stone
55%
The band's debut album, first released in May of 1967Are You Experienced
54.8%
Legendary 'Tutti Frutti' R&B singer with whom he toured in 1964-65Little Richard
52.4%
Model of guitar he started playing in 1966 and is most closely associated withFender Stratocaster
49.6%
The band's final album, a double album first released in September of 1968Electric Ladyland
48.8%
That band's drummerMitch Mitchell
37.7%
Second album, first released in December of that yearAxis: Bold as Love
31.2%
Clue Answer % Correct
That band's original bassistNoel Redding
30.8%
California music festival at which the band played in June of 1967Monterey International Pop Music Festival
30.8%
The first stringed instrument Hendrix playedukulele
25.1%
Single that was re-released and hit #1 in the UK after he died on September 18Voodoo Child (Slight Return)
22.9%
Its next single, a psychedelic blues-rock song later used in a 'Guitar Hero' gameThe Wind Cries Mary
21.2%
Bassist Hendrix met in the Army who would play with Hendrix in multiple bandsBilly Cox
16.6%
Famed Army division, based in Kentucky, to which he was assigned in 1961101st Airborne Division
16.5%
TV host on whose show he played and was interviewed in September of 1969Dick Cavett
16.5%
Jimi's legal birth nameJohnny Allen Hendrix
16.2%
R&B/soul siblings Hendrix joined as a backing guitarist in 1964The Isley Brothers
15.8%
NYC recording studio, named for his third album, Hendrix opened that AugustElectric Lady Studios
7.2%
Manhattan venue Hendrix and his band, The Blue Flame, had a residency that yearCafe Wha?
6.2%
The name of his last tour (April-Sept., 1970) and his first posthumous albumThe Cry of Love Tour
5%
The name of his new backing band that debuted at this showGypsy Sun and Rainbows
4.9%
Band they started in nearby Clarksville, Tennessee, after being dischargedThe King Kasuals
2.6%

From the Vault

Republican Presidential Candidates

by qlh27

History 6m
Those red elephants sure know how to party.
Remove Ads.
Support Sporcle.
Get the best of Sporcle when you Go Orange. This ad-free experience offers more features, more stats, and more fun while also helping to support Sporcle. Thank you for becoming a member.

Show Comments

Extras

Top Quizzes Today


Score Distribution

Your Account Isn't Verified!

In order to create a playlist on Sporcle, you need to verify the email address you used during registration. Go to your Sporcle Settings to finish the process.

Report this User

Report this user for behavior that violates our Community Guidelines.

Details: